When to recommend intervention (Record no. 79331)

MARC details
000 -CABECERA
campo de control de longitud fija 00662nam a2200241 a 4500
005 - FECHA Y HORA DE LA ÚLTIMA TRANSACCIÓN
campo de control 20210219153532.0
008 - ELEMENTOS DE LONGITUD FIJA--INFORMACIÓN GENERAL
campo de control de longitud fija 991125n 000 0 u
035 ## - NÚMERO DE CONTROL DEL SISTEMA
Número de control de sistema UPN01000105205
100 ## - ASIENTO PRINCIPAL--NOMBRE PERSONAL
Nombre de persona Olswang, Lesley B.
222 ## - TÍTULO CLAVE
Título clave LANGUAGE, SPEECH, AND HEARING SERVICE IN SCHOOLS
245 ## - MENCIÓN DE TÍTULO
Título When to recommend intervention
300 ## - DESCRIPCIÓN FÍSICA
Extensión 255-263
362 ## - FECHAS DE PUBLICACIÓN Y/O DESIGNACIÓN SECUENCIAL
Fecha de publicación y/o designación secuencial 22, No. 4, 1991
505 ## - NOTA DE CONTENIDO CON FORMATO PREESTABLECIDO
Nota de contenido con formato Junio 1992
653 0# - TERMINO DE INDIZACION - NO CONTROLADO
Término no controlado COLECCION DE DATOS
653 0# - TERMINO DE INDIZACION - NO CONTROLADO
Término no controlado DESVENTAJAS EN EL LENGUAJE
653 0# - TERMINO DE INDIZACION - NO CONTROLADO
Término no controlado EVALUACION DEL ESTUDIANTE
653 0# - TERMINO DE INDIZACION - NO CONTROLADO
Término no controlado INTERVENCION
653 0# - TERMINO DE INDIZACION - NO CONTROLADO
Término no controlado TNER DECISION
700 ## - ASIENTO SECUNDARIO--NOMBRE DE PERSONAL
Nombre de persona Bain, Barbara A.
904 ## - ELEMENTOS DE DATOS D LOCAL, LDD (RLIN)
a AC
b 043016
905 ## - TIPO DE MATERIAL
Tipo de material Articulo

No items available.